000 00580nam a22002297a 4500
003 UA-OsUOA
001 22628
007 ta
008 20031223b un ||||| |||| 00| 0 ukr d
090 _a908-(477.43)
_bС77
942 _cBK
040 _aUA-OsUOA
_bukr
_cUA-OsUOA
_dUA-OsUOA
245 _aСтарокостянтинів і край в просторі часу
300 _a280 с.
_bІлюстрації
955 _a0
041 _aukr
080 _a908-(477.43)
260 _aХмельницький
_c1997
044 _aUA
650 7 _2UDC
999 _c308850
_d308850